000 00696nam a2200265 a 4500
003 AR-BaBNM
005 20251128204645.0
008 082120s2002 ||||||||||||||000 | spa||
020 _a950-9831-37-9
040 _cAR-BaBNM
100 1 _aLerman, Gabriel
245 0 0 _aProyecto S.E.D.I.M.
260 _aBuenos Aires
_bMétodos
_c1991
300 _a62 p.
_bil.
490 0 _aLa pluma encantada
_vv. 13
500 _aSe recomienda a partir de los 12 años
650 4 _aLITERATURA INFANTIL
650 4 _aCOMPUTADORAS
650 4 _aCUENTOS DE AVENTURAS
653 _aCUENTOS DE INVENTOS
655 _aLITERATURA
700 1 _aBlanco, Jorge
_eilustrador
942 _cBK
998 _cisola
999 _c8258
_d8258